| 000 | 00771nam a22002531 4500 | ||
|---|---|---|---|
| 001 | 16787 | ||
| 003 | BD-RjUL | ||
| 005 | 20211209000042.0 | ||
| 008 | 140215s1959 njua 001 0 eng d | ||
| 035 | _a(BD-RjUL)16842 | ||
| 040 |
_aDLC _cDLC _dDLC _dBD-RjUL _beng |
||
| 041 | _aeng | ||
| 082 | 0 | 0 |
_a796.42 _bMOT 1959 |
| 100 | 1 |
_aMortensen, Jesse P. _951830 |
|
| 245 | 1 | 0 |
_aTrack and field for coach and athlete _cby Jesse P. Mortensen and John M. Cooper. |
| 260 |
_aEnglewood Cliffs, N.J. : _bPrentice-Hall, _c1959. |
||
| 300 |
_ax,246 p. : _billus. _c24 cm. |
||
| 504 | _aIncludes indexes. | ||
| 650 | 0 |
_aTrack and field. _951831 |
|
| 700 | 1 |
_aCooper, John Miller, _d1912- _ejoint author. _951832 |
|
| 942 |
_2ddc _cBK |
||
| 999 |
_c16787 _d16787 |
||